LEADER 01064cam0-2200373---450- 001 990005644900403321 005 20100513111810.0 035 $a000564490 035 $aFED01000564490 035 $a(Aleph)000564490FED01 035 $a000564490 100 $a19990604d1926----km-y0itay50------ba 101 0 $aita 102 $aIT 105 $ay-------001cy 200 1 $a<>opera filosofica di Filippo Masci$ediscorso commemorativo$fFrancesco De Sarlo 210 $aAquila$cVecchioni$dstampa 1926 215 $a63 p.$d20 cm 225 1 $aPiccola biblioteca di cultura$v10 610 0 $aMasci, Filippo 676 $a394.2 676 $a921 676 $a195 700 1$aDe Sarlo,$bFrancesco$0169752 801 0$aIT$bUNINA$gREICAT$2UNIMARC 901 $aBK 912 $a990005644900403321 952 $aP.1 FG 1915$bIST. ST. FIL. 1401$fFLFBC 952 $aMASS.BUSTA 11 (16)$b40030$fFGBC 952 $aMASS.BUSTA 11 (26)$b40030$fFGBC 959 $aFLFBC 959 $aFGBC 996 $aOpera filosofica di Filippo Masci$9605909 997 $aUNINA LEADER 00836nam0-22002891i-450 001 990004270630403321 005 20180913154054.0 010 $a2-7384-8248-1 035 $a000427063 100 $a20011018d1999----km-y0itay50------ba 101 0 $afre 102 $aFR 105 $ay-------001yy 200 1 $a<>roman d'aventures depuis l'ile au trésor$fIsabelle Guillaume 210 $aParis$cL'Harmattan$d1999 215 $a335 p.$d22 cm 225 1 $aCritiques littéraires 610 0 $aRomanzi d'avventura$aSec. 19.-20. 676 $a809.387$v22 700 1$aGuillaume,$bIsabelle$0387609 801 0$aIT$bUNINA$gRICA$2UNIMARC 901 $aBK 912 $a990004270630403321 952 $a809.387 GUI 1$bBibl.39770$fFLFBC 959 $aFLFBC 996 $aRoman d'aventures depuis l'ile au trésor$9490659 997 $aUNINA